|
|
|
|
| LEADER |
01141nam a2200277 a 4500 |
| 001 |
2421017 |
| 008 |
091008s1988 nyu bd 000 0 eng d |
| 010 |
|
|
|a 87006831
|
| 020 |
|
|
|a 0816016372
|
| 040 |
|
|
|a DNLM/DLC
|c DLC
|d DLC
|
| 082 |
0 |
0 |
|a 362.1/068
|2 19
|
| 100 |
1 |
|
|a Rhea, Joseph C.
|
| 245 |
1 |
4 |
|a The Facts on File dictionary of health care management /
|c Joseph C. Rhea, J. Steven Ott, Jay M. Shafritz.
|
| 260 |
|
|
|a New York, N.Y. :
|b Facts on File Publications,
|c c1988.
|
| 300 |
|
|
|a xi, 692 p. ;
|c 24 cm.
|
| 504 |
|
|
|a Bibliography: p. 685-692.
|
| 541 |
1 |
|
|e 00004186
|
| 650 |
|
0 |
|a Health services administration
|x Dictionaries.
|
| 650 |
|
2 |
|a Delivery of Health Care
|x organization & administration
|x dictionaries.
|
| 700 |
1 |
|
|a Ott, J. Steven.
|
| 700 |
1 |
|
|a Shafritz, Jay M.
|
| 710 |
2 |
|
|a Facts on File, Inc.
|
| 740 |
0 |
|
|a Dictionary of health care management.
|
| 852 |
4 |
|
|a Ayesha Abed Library
|j General Shelf.
|
| 999 |
|
|
|c 4367
|d 4367
|
| 952 |
|
|
|0 0
|1 0
|2 ddc
|4 0
|6 362_106800000000000_RHE_1988
|7 0
|9 4059
|a BRACUL
|b BRACUL
|c GEN
|d 2009-10-10
|g 0.00
|l 0
|o 362.1068 RHE
|p 3010004186
|r 2009-10-10
|t 1
|w 2009-10-10
|y BK
|x No price found in the accession register.
|